书目信息 |
| 题名: |
奇兵诡道:经典间谍奇案纪实
|
|
| 作者: | 李宗福 编著 | |
| 分册: | ||
| 出版信息: | 深圳 海天出版社 13.5 |
|
| 页数: | 260页 | |
| 开本: | 32开 | |
| 丛书名: | ||
| 单 册: | ||
| 中图分类: | I253.2 | |
| 科图分类: | ||
| 主题词: | 报告文学--中国 , 传记文学--中国 | |
| 电子资源: | ||
| ISBN: | 7-80615-998-3 | |
| 000 | 00616nam0 2200205 45 | |
| 001 | 0011210988 | |
| 005 | 20001121093521.3 | |
| 010 | @a7-80615-998-3@d13.50元 | |
| 100 | @a20001121d13.5 km y0chiy0120 ea | |
| 101 | 0 | @achi |
| 105 | @a z 000yy | |
| 200 | 1 | @a奇兵诡道:经典间谍奇案纪实@AQi Bing Gui Dao:Jing Dian Jian Die Qi An Ji Shi@A13.5@f李宗福编著@FLi Zong Fu Bian Zhu |
| 210 | @a深圳@c海天出版社@d13.5 | |
| 215 | @a260页@d32开 | |
| 606 | 0 | @a报告文学@x中国 |
| 606 | 0 | @a传记文学@x中国 |
| 690 | @aI253.2@v3 | |
| 701 | 0 | @a李宗福@4编著 |
| 801 | @aCN@bPftUser@c20001121 | |
| 905 | @b414031-032@dI253.2@eL258@f2 | |
| 奇兵诡道:经典间谍奇案纪实/李宗福编著.-深圳:海天出版社,13.5 |
| 260页;32开 |
| ISBN 7-80615-998-3:13.50元 |
| ● |
| 相关链接 |
|
|
|
正题名:奇兵诡道:经典间谍奇案纪实
索取号:I253.2/L258
 
预约/预借
| 序号 | 登录号 | 条形码 | 馆藏地/架位号 | 状态 | 备注 |
| 1 | 414031 | 204140312 | 社科二线400B/400B社科库 24排2列1层/ [索取号:I253.2/L258] | 在馆 | |
| 2 | 414032 | 204140321 | 社科二线400B/400B社科库 24排2列1层/ [索取号:I253.2/L258] | 在馆 |